Văn hóa Óc eo và các văn hóa cổ ở đồng bằng Cửu Long
Wedi'i Gadw mewn:
| Fformat: | Llyfr |
|---|---|
| Iaith: | Vietnamese |
| Cyhoeddwyd: |
Tp. Hồ Chí Minh
Sở văn hóa và thông tin An Giang
1985
|
| Cyfres: | Viện Khoa học xã hội tại Thành phố Hồ Chí Minh và Ủy ban Nhân dân tỉnh An Giang
|
| Pynciau: | |
| Tagiau: |
Ychwanegu Tag
Dim Tagiau, Byddwch y cyntaf i dagio'r cofnod hwn!
|
| Thư viện lưu trữ: | Mạng thư viện Đại học Đà Nẵng |
|---|
| LEADER | 00955nam a2200313 4500 | ||
|---|---|---|---|
| 001 | 000006815 | ||
| 003 | 2975 | ||
| 005 | 20110921150957.0 | ||
| 008 | 110921s1985 viesd | ||
| 020 | |c 6000đ | ||
| 041 | 0 | |a vie | |
| 082 | |a 306.095978 |b Văn | ||
| 245 | 0 | |a Văn hóa Óc eo và các văn hóa cổ ở đồng bằng Cửu Long | |
| 260 | |a Tp. Hồ Chí Minh |b Sở văn hóa và thông tin An Giang |c 1985 | ||
| 300 | |a 280 tr. |c 23 cm. | ||
| 490 | |a Viện Khoa học xã hội tại Thành phố Hồ Chí Minh và Ủy ban Nhân dân tỉnh An Giang | ||
| 653 | |a Văn hóa | ||
| 653 | |a Óc Eo | ||
| 653 | |a Văn hóa cổ | ||
| 653 | |a Đồng bằng Cửu Long | ||
| 910 | |a Huỳnh Thị Cẩm Lai |d 21/09/2011 | ||
| OWN | |a LSP | ||
| 999 | |a From the UDN01 | ||
| TYP | |a Monograph | ||
| TYP | |a Printed language | ||
| 980 | |a Mạng thư viện Đại học Đà Nẵng | ||